[Event "European Rapid 2022"]
[Site "Katowice POL"]
[Date "2022.12.17"]
[Round "2.73"]
[White "Jarmula, Lukasz"]
[Black "Zhuk, Ivan"]
[Result "1-0"]
[WhiteTitle "GM"]
[WhiteElo "2469"]
[BlackElo "2035"]
[WhiteFideId "1160664"]
[BlackFideId "13508342"]
[EventDate "2022.12.17"]

1. e4 e6 2. d4 d5 3. Nd2 c5 4. Ngf3 Nc6 5. exd5 exd5 6. Bb5 Nf6 7. O-O Be7 8.
dxc5 O-O 9. Nb3 Bg4 10. Be2 Ne4 11. Be3 Bf6 12. c3 Re8 13. Nbd4 Qe7 14. h3 Bd7
15. Nb3 Rad8 16. Re1 Ne5 17. Bd4 Ng6 18. Bf1 Bxd4 19. cxd4 Qf6 20. Nc1 Nh4 21.
Re3 Bxh3 22. gxh3 Qg6+ 23. Kh2 Nf5 24. Qe1 Nxe3 25. fxe3 Re6 26. Nd3 Ng5 27.
Nxg5 Qxg5 28. Nf4 Rf6 29. Qg3 Qf5 30. Bd3 Qd7 31. Nh5 Rg6 32. Bxg6 hxg6 33. Nf4
Qb5 34. Qf2 Re8 35. Nxd5 Qc4 36. Nc3 Re6 37. Qe2 Qb4 38. Qb5 Qxb5 39. Nxb5 Rxe3
40. Nxa7 Re2+ 41. Kg3 Rd2 42. Nb5 Rxb2 43. a4 f5 44. Re1 Kf7 45. d5 Rb3+ 46. Kg2
Rb2+ 47. Kf3 g5 48. d6 Rb3+ 49. Kg2 Rb2+ 50. Kg1 Rd2 51. Re7+ Kf6 52. Rxb7 Ke5
53. Kf1 Kf4 54. Ke1 Rc2 55. Nd4 Rc4 56. Ne2+ Ke3 57. Rb3+ Ke4 58. d7 Kd5 1-0

[Event "European Rapid 2022"]
[Site "Katowice POL"]
[Date "2022.12.17"]
[Round "2.74"]
[White "Heldt, Nils-Lennart"]
[Black "Hunt, Harriet V"]
[Result "0-1"]
[BlackTitle "IM"]
[WhiteElo "2070"]
[BlackElo "2348"]
[WhiteFideId "12952109"]
[BlackFideId "403512"]
[EventDate "2022.12.17"]

1. e4 c5 2. Nf3 d6 3. d4 cxd4 4. Nxd4 Nf6 5. Nc3 a6 6. Bg5 e6 7. f4 Be7 8. Qf3
Qc7 9. O-O-O Nbd7 10. g4 h6 11. Bxf6 Bxf6 12. h4 Qb6 13. Nb3 Be7 14. g5 Nc5 15.
Nxc5 Qxc5 16. Bd3 Bd7 17. f5 hxg5 18. e5 O-O-O 19. exd6 Qxd6 20. Kb1 Qf4 21. Qe2
Qc7 22. Nd5 exd5 23. Qxe7 gxh4 24. Rxh4 Bc6 25. Qe1 Kb8 26. Rg4 Rdg8 27. Qg1 f6
28. a3 Rh7 29. Rg6 Re8 30. Qd4 Qe5 31. Qg4 Re7 32. Rg1 d4 33. Qd1 Be8 34. R6g4
Bh5 0-1

[Event "European Rapid 2022"]
[Site "Katowice POL"]
[Date "2022.12.17"]
[Round "2.75"]
[White "Adamczewski, Jedrzej"]
[Black "Plichta, Kamil"]
[Result "0-1"]
[BlackTitle "FM"]
[WhiteElo "1938"]
[BlackElo "2394"]
[WhiteFideId "1135414"]
[BlackFideId "1141830"]
[EventDate "2022.12.17"]

1. e4 e6 2. d4 d5 3. Nc3 Nf6 4. e5 Nfd7 5. Nf3 c5 6. dxc5 Nc6 7. Bf4 Bxc5 8. Bd3
a6 9. O-O h6 10. Bg3 g5 11. Re1 g4 12. Nh4 h5 13. Nxd5 exd5 14. e6 Nf8 15. exf7+
Kxf7 16. Qd2 Qf6 17. Bxa6 Rxa6 18. Qxd5+ Ne6 19. Rxe6 Bxe6 20. Qxc5 Qxb2 21. Re1
Qd4 22. Qg5 Qf6 23. Qb5 Ra7 24. Qb6 Rd8 25. h3 Rd7 26. hxg4 hxg4 27. Re4 Ra6 28.
Qb5 Ra5 29. Qe2 Nd4 30. Qe1 Rxa2 31. Qb4 Ra1+ 32. Kh2 Nc6 33. Qc5 Rd5 34. Qb6
Rdd1 35. Qxb7+ Ne7 36. Rf4 Rh1# 0-1

[Event "European Rapid 2022"]
[Site "Katowice POL"]
[Date "2022.12.17"]
[Round "2.76"]
[White "Kyc, Jerzy"]
[Black "Samborski, Henryk"]
[Result "1-0"]
[BlackTitle "FM"]
[WhiteElo "2230"]
[BlackElo "2057"]
[WhiteFideId "1163922"]
[BlackFideId "1103849"]
[EventDate "2022.12.17"]

1. e4 d6 2. d4 c6 3. f4 Qc7 4. Nf3 Bg4 5. Bc4 Nf6 6. e5 Nd5 7. O-O e6 8. h3 Bh5
9. Nc3 Nxc3 10. bxc3 d5 11. Bd3 Bg6 12. c4 dxc4 13. Bxc4 Be7 14. Qe2 Nd7 15. Bb3
O-O 16. c4 Rac8 17. Be3 Rfd8 18. Rac1 Qa5 19. g4 b5 20. Nd2 Ba3 21. Rcd1 Qc3 22.
f5 exf5 23. Nb1 Qa5 24. gxf5 Nxe5 25. dxe5 Rxd1 26. Bxd1 bxc4 27. Nxa3 Qxa3 28.
fxg6 hxg6 29. Qf2 Rc7 30. Bg4 Qe7 31. Bd4 c5 32. Bc3 1-0

[Event "European Rapid 2022"]
[Site "Katowice POL"]
[Date "2022.12.17"]
[Round "2.78"]
[White "Alexakis, Dimitris"]
[Black "Rog, Bartlomiej"]
[Result "1-0"]
[WhiteTitle "IM"]
[WhiteElo "2486"]
[BlackElo "1969"]
[WhiteFideId "4277023"]
[BlackFideId "21857377"]
[EventDate "2022.12.17"]

1. e4 e5 2. Nf3 Nc6 3. Bb5 a6 4. Ba4 d6 5. Bxc6+ bxc6 6. d4 exd4 7. Nxd4 Bd7 8.
O-O Nf6 9. c4 Be7 10. Nc3 O-O 11. Re1 Re8 12. b3 Bf8 13. Bg5 h6 14. Bh4 g5 15.
Bg3 Bg7 16. Qf3 Bg4 17. Qd3 c5 18. Nc2 Nh5 19. Ne3 Be6 20. Rad1 Nxg3 21. hxg3 a5
22. g4 Bd4 23. f3 Qf6 24. Nb5 Bxe3+ 25. Qxe3 Qe7 26. e5 Bc8 27. Qf2 dxe5 28. Rd5
c6 29. Rdxe5 Qxe5 30. Rxe5 Rxe5 31. Nd6 Be6 32. Ne4 Kg7 33. Qb2 f6 34. Qd2 Ra7
35. Qd8 Rf7 36. Nxf6 Re2 37. Nh5+ Kh7 38. Qd3+ 1-0

[Event "European Rapid 2022"]
[Site "Katowice POL"]
[Date "2022.12.17"]
[Round "2.79"]
[White "Szolc, Grzegorz"]
[Black "Grinev, Valeriy"]
[Result "0-1"]
[BlackTitle "IM"]
[WhiteElo "2018"]
[BlackElo "2425"]
[WhiteFideId "1180835"]
[BlackFideId "14117517"]
[EventDate "2022.12.17"]

1. d4 Nf6 2. Bf4 g6 3. Nc3 d5 4. e3 Bg7 5. h4 h5 6. Nb5 Na6 7. Nf3 O-O 8. Be2 c6
9. Nc3 Nc7 10. Ne5 Nce8 11. g4 hxg4 12. Nxg4 Bxg4 13. Bxg4 Nxg4 14. Qxg4 Nf6 15.
Qf3 Qd7 16. Be5 Qg4 17. Ke2 Qxf3+ 18. Kxf3 Nh5 19. Bxg7 Kxg7 20. Ne2 Rh8 21. Ng3
Kf6 22. a4 a5 23. Nxh5+ Rxh5 24. Kg4 Ke6 25. f4 Kd6 26. Raf1 e6 27. Rc1 b5 28.
c3 Kc7 29. Ra1 Kb6 30. Rh2 c5 31. dxc5+ Kxc5 32. axb5 Kxb5 33. b3 Rhh8 34. Rc2
Rhc8 35. Kg5 Rc7 36. Kf6 Rh8 37. Kg5 Rhc8 38. Rac1 Rc5 39. Kg4 Kb6 40. Kg3 Rb5
41. Rb1 Kb7 42. Kf3 Rb6 43. Kg4 a4 44. b4 Rbc6 45. Rbc1 Kb6 46. Kf3 Kb5 47. Kg4
a3 48. Kf3 Ka4 49. Ke2 Kb3 50. Kd2 Rh8 51. Rb1+ Kc4 52. Rh1 Ra6 53. Rcc1 a2 54.
Kc2 Ra3 55. Kb2 Rb3+ 0-1

[Event "European Rapid 2022"]
[Site "Katowice POL"]
[Date "2022.12.17"]
[Round "2.80"]
[White "Uruci, Endrit"]
[Black "Starosta, Martyna"]
[Result "1-0"]
[WhiteTitle "FM"]
[BlackTitle "WCM"]
[WhiteElo "2297"]
[BlackElo "1991"]
[WhiteFideId "22100199"]
[BlackFideId "21818754"]
[EventDate "2022.12.17"]

1. e4 e6 2. c4 d5 3. cxd5 exd5 4. exd5 Nf6 5. Bb5+ Bd7 6. Bc4 Bd6 7. Qe2+ Qe7 8.
Nc3 Be5 9. Nf3 Bxc3 10. Qxe7+ Kxe7 11. dxc3 Kd6 12. Bf4+ Kc5 13. Ne5 Re8 14. b4+
Kd6 15. O-O-O Nh5 16. Nxf7+ Ke7 17. d6+ Kf6 18. Bg5+ Kg6 19. dxc7 1-0

[Event "European Rapid 2022"]
[Site "Katowice POL"]
[Date "2022.12.17"]
[Round "2.81"]
[White "Bartelt, Max Peter"]
[Black "Kozak, Antoni"]
[Result "0-1"]
[WhiteElo "2026"]
[BlackElo "2422"]
[WhiteFideId "12967289"]
[BlackFideId "21832030"]
[EventDate "2022.12.17"]

1. d4 d5 2. Nf3 Nf6 3. g3 Bf5 4. Bg2 e6 5. O-O h6 6. c4 c6 7. Nc3 Nbd7 8. Nd2
Be7 9. e4 dxe4 10. Ndxe4 O-O 11. Be3 Qa5 12. a3 Qa6 13. b3 Rfd8 14. Qe2 Nxe4 15.
Nxe4 Nf6 16. Nc3 Rd7 17. b4 Rc8 18. Rfd1 Bd8 19. Qa2 Ng4 20. Bf4 Bg5 21. Bxg5
hxg5 22. Rac1 Nf6 23. d5 cxd5 24. cxd5 exd5 25. Nxd5 Rxc1 26. Rxc1 Nxd5 27. Bxd5
Qd3 28. Bg2 g4 29. Bf1 Qf3 30. Qe2 Qxa3 31. Qe8+ Kh7 32. Rc5 Qf3 33. Be2 Rd1+
34. Bxd1 Qxd1+ 35. Kg2 Bd3 36. h4 Qf1+ 37. Kh2 Qxf2+ 38. Kh1 Qf1+ 39. Kh2 Qh3+
40. Kg1 Qxg3+ 41. Kh1 Qxh4+ 42. Kg1 Qg3+ 43. Kh1 Qf3+ 44. Kg1 g3 45. Qe1 Be4 46.
Rh5+ Kg6 47. Rh2 gxh2+ 48. Kxh2 Qg2# 0-1

[Event "European Rapid 2022"]
[Site "Katowice POL"]
[Date "2022.12.17"]
[Round "2.82"]
[White "Langheinrich, Ferenc"]
[Black "George, Matthew P"]
[Result "1-0"]
[WhiteTitle "IM"]
[WhiteElo "2381"]
[BlackElo "1999"]
[WhiteFideId "4641973"]
[BlackFideId "407763"]
[EventDate "2022.12.17"]

1. e4 c5 2. b3 Nc6 3. Bb2 d6 4. f4 e5 5. Nf3 exf4 6. Bc4 Nh6 7. Nc3 Bg4 8. Nd5
Bxf3 9. Qxf3 Qh4+ 10. g3 Qd8 11. gxf4 a6 12. a4 Nd4 13. Bxd4 cxd4 14. Rg1 Qh4+
15. Rg3 O-O-O 16. O-O-O g6 17. Rdg1 Re8 18. Qd3 Bg7 19. Kb1 f5 20. Bxa6 Qd8 21.
Qc4+ Kb8 22. Qb4 Qd7 23. Bb5 Qd8 24. Bc6 Re7 25. Nxe7 Qxe7 26. e5 Rd8 27. Bh1
Qc7 28. e6 Bf6 29. h3 Ng8 30. a5 Ne7 31. a6 d5 32. Qxb7+ Qxb7 33. axb7 Kxb7 34.
c4 Kb6 35. cxd5 Nxd5 36. Bxd5 Rxd5 37. Kc2 Kc6 38. b4 Kb5 39. Kd3 Rd8 40. h4 Ra8
41. h5 gxh5 42. Rg8 Ra3+ 43. Ke2 Ra7 44. Rf8 Be7 45. Rxf5+ Kc6 46. Rxh5 Bxb4 47.
f5 Ra2 48. Rd1 Ra5 49. Rb1 Bd6 50. Rc1+ Kd5 51. f6+ Be5 52. e7 d3+ 53. Kf3 1-0

[Event "European Rapid 2022"]
[Site "Katowice POL"]
[Date "2022.12.17"]
[Round "2.83"]
[White "Bazilius, Augustinas"]
[Black "Haydon, David L"]
[Result "1/2-1/2"]
[BlackTitle "FM"]
[WhiteElo "2118"]
[BlackElo "2289"]
[WhiteFideId "12832251"]
[BlackFideId "415405"]
[EventDate "2022.12.17"]

1. d4 Nf6 2. c4 e6 3. Nf3 b6 4. g3 Bb7 5. Bg2 Bb4+ 6. Bd2 a5 7. Bxb4 axb4 8. a3
Qe7 9. O-O O-O 10. Qb3 Nc6 11. Nbd2 bxa3 12. Rxa3 Rxa3 13. Qxa3 Qxa3 14. bxa3
Ra8 15. Ra1 Na5 16. Ne5 d5 17. f3 Nxc4 18. Ndxc4 dxc4 19. Nxc4 Ra4 20. Rc1 Ne8
21. e4 b5 22. Ne5 Rxd4 23. Bf1 Ba6 24. Rc6 Rd6 25. a4 f6 26. axb5 Rxc6 27. Nxc6
Bb7 28. Nd8 Bc8 29. Bc4 Nd6 30. Bb3 Nxb5 31. Nxe6 Bxe6 32. Bxe6+ Kf8 33. Kf2 Ke7
34. Bc4 Nd6 35. Bd5 c5 36. Ke3 Nb5 37. f4 Kd6 38. Bg8 h6 39. Bf7 Nd4 40. Be8 Nb3
41. Bf7 Na5 42. Bd5 f5 43. Kd3 fxe4+ 44. Kxe4 Nc6 45. Bxc6 Kxc6 46. g4 Kb5 47.
Kd3 Kb4 48. f5 Kb3 49. Kd2 c4 50. Kc1 Kc3 51. h4 Kd4 52. g5 hxg5 53. hxg5 Ke5
54. f6 gxf6 55. gxf6 Kxf6 56. Kd2 Ke6 57. Kc3 Kd5 58. Kc2 Kd4 59. Kd2 Kc5 60.
Kc3 Kb5 61. Kc2 Kb4 62. Kb2 c3+ 63. Kc1 Kc5 64. Kc2 Kc4 65. Kc1 Kb5 66. Kc2 Kb4
67. Kc1 Kb3 68. Kb1 Kc4 69. Kc2 Kd4 70. Kc1 Ke4 71. Kc2 Kf5 72. Kxc3 1/2-1/2

[Event "European Rapid 2022"]
[Site "Katowice POL"]
[Date "2022.12.17"]
[Round "2.84"]
[White "Petursson, Margeir"]
[Black "Niezhentsev, Kyrylo"]
[Result "0-1"]
[WhiteTitle "GM"]
[WhiteElo "2437"]
[BlackElo "2052"]
[WhiteFideId "2300028"]
[BlackFideId "34126660"]
[EventDate "2022.12.17"]

1. c4 e5 2. g3 Nf6 3. Bg2 d5 4. cxd5 Nxd5 5. Nf3 Nc6 6. O-O Nb6 7. Nc3 Be7 8.
Rb1 a5 9. d3 Be6 10. Be3 Nd5 11. Bd2 O-O 12. Ne4 h6 13. Rc1 f5 14. Nc5 Bxc5 15.
Rxc5 Qd6 16. Qc1 e4 17. dxe4 fxe4 18. Nh4 Nd4 19. Re1 b6 20. Rc4 Nb4 21. Bxb4
axb4 22. Rxc7 Rac8 23. Rxc8 Rxc8 24. Qd1 Bg4 25. f3 exf3 26. exf3 Bh5 27. Kh1
Rd8 28. Qd3 Qf6 29. f4 Bf7 30. b3 Nxb3 31. Qb5 Nd4 32. Qxb4 Nc2 33. Qe4 Nxe1 34.
Qxe1 Qd4 35. Bf3 Bd5 36. Kg2 Bxa2 37. Kh3 Qf6 38. Bg4 b5 39. Nf3 Bd5 40. Ne5 Be6
41. Qa5 h5 42. Bxe6+ Qxe6+ 43. Kh4 Rd5 44. Kxh5 Qf5+ 45. Kh4 Rd6 46. Ng4 Qh7+ 0-1

[Event "European Rapid 2022"]
[Site "Katowice POL"]
[Date "2022.12.17"]
[Round "2.85"]
[White "Dziendziel, Mateusz"]
[Black "Psyk, Radoslaw"]
[Result "1-0"]
[WhiteElo "2042"]
[BlackElo "2438"]
[WhiteFideId "21840946"]
[BlackFideId "1182838"]
[EventDate "2022.12.17"]

1. e4 Nf6 2. Nc3 d5 3. exd5 Nxd5 4. Nf3 Nxc3 5. bxc3 g6 6. h4 h6 7. h5 g5 8. d4
Bg7 9. Rb1 c5 10. Be3 Nc6 11. Bb5 Bd7 12. O-O O-O 13. d5 Na5 14. Bxc5 b6 15. Bd4
Bxb5 16. Rxb5 Qd7 17. Qd3 Rac8 18. Bxg7 Kxg7 19. Ne5 Qd6 20. Re1 Rc7 21. Qd4 Kg8
22. Re3 f6 23. Ng6 Rf7 24. Re6 Qa3 25. d6 exd6 26. Rxd6 Qxc3 27. Rd8+ Kg7 28.
Rg8+ Kh7 29. Qd8 f5 30. Re5 Rcd7 31. Rg7+ Kxg7 32. Qh8# 1-0

[Event "European Rapid 2022"]
[Site "Katowice POL"]
[Date "2022.12.17"]
[Round "2.86"]
[White "Gaponenko, Inna"]
[Black "Karvatskyi, Oleksii"]
[Result "1/2-1/2"]
[WhiteTitle "IM"]
[WhiteElo "2341"]
[BlackElo "1995"]
[WhiteFideId "14101181"]
[BlackFideId "14191059"]
[EventDate "2022.12.17"]

1. e4 c5 2. Nf3 Nc6 3. c3 Nf6 4. e5 Nd5 5. d4 cxd4 6. cxd4 d6 7. Bc4 dxe5 8.
dxe5 Ndb4 9. O-O Qxd1 10. Rxd1 Bg4 11. Nc3 Bxf3 12. gxf3 Nxe5 13. Bb5+ Nbc6 14.
f4 Nf3+ 15. Kg2 Nh4+ 16. Kh3 Nf5 17. Be3 e6 18. Rac1 Be7 19. Ne4 O-O 20. Bxc6
bxc6 21. Rxc6 Nxe3 22. fxe3 Rab8 23. b3 Rb4 24. Nc5 Bxc5 25. Rxc5 Re4 26. Rd3 g6
27. Kg3 Rb4 28. Rd7 a6 29. Rd6 Ra8 30. Ra5 Rc8 31. Raxa6 Rc3 32. Kf3 g5 33. fxg5
Rh4 34. Rd8+ Kg7 35. Raa8 Kg6 36. Rg8+ Kf5 37. Rg7 Rh3+ 38. Kg2 Rhxe3 39. Rxf7+
Kg4 40. Rf2 e5 41. Ra7 Rh3 42. Re2 Kxg5 43. Rxe5+ Kf4 44. Re2 Rh6 45. Rf7+ Kg5
46. Re5+ Kg6 47. Re6+ Kxf7 48. Rxh6 Rc2+ 49. Kg3 Rxa2 50. Rxh7+ Kf6 51. Rb7 Rc2
52. b4 Rc3+ 53. Kf4 Rc4+ 54. Ke3 Rh4 55. Kd3 Ke6 56. Kc3 Kd6 57. Rg7 Rxh2 58.
Kc4 Kc6 59. Rg6+ Kb7 60. Kb5 Rh5+ 61. Ka4 Rh7 62. Ka5 Rh1 63. Rg7+ Kb8 64. Rd7
Rh6 65. Kb5 Rg6 66. Kc5 Kc8 67. Rd6 Rxd6 68. Kxd6 Kb7 69. Kc5 Kc7 70. b5 Kb7 71.
b6 Kb8 72. Kc6 Kc8 73. b7+ Kb8 74. Kb6 1/2-1/2

[Event "European Rapid 2022"]
[Site "Katowice POL"]
[Date "2022.12.17"]
[Round "2.87"]
[White "Bokhnak, Timofey"]
[Black "Fus, Jakub"]
[Result "0-1"]
[BlackTitle "FM"]
[WhiteElo "2096"]
[BlackElo "2405"]
[WhiteFideId "14172976"]
[BlackFideId "1193023"]
[EventDate "2022.12.17"]

1. e4 c6 2. d4 d5 3. exd5 cxd5 4. Bd3 Nc6 5. c3 Qc7 6. Ne2 Bg4 7. O-O Nf6 8. Qe1
Qc8 9. Ng3 h5 10. h4 g6 11. Bg5 Bg7 12. Nd2 O-O 13. f3 Bd7 14. Qe3 Re8 15. Bf4
Nh7 16. Bh6 Bf6 17. Bg5 Bxg5 18. hxg5 e5 19. Nb3 exd4 20. Qf4 Ne5 21. Qxd4 Nxd3
22. Qxd3 h4 23. Ne2 Qc4 24. Qxc4 dxc4 25. Nbd4 Nxg5 26. Nf4 Re5 27. Kf2 Kg7 28.
Rae1 Rae8 29. Rxe5 Rxe5 30. Rh1 Ra5 31. a3 Ra6 32. Nd5 Rd6 33. Ne3 h3 34. g4 b5
35. a4 bxa4 36. Nxc4 Rf6 37. Kg3 Nxf3 38. Nxf3 Rxf3+ 39. Kxf3 Bc6+ 40. Kg3 Bxh1
41. Kxh3 Kf6 42. Nd6 Bd5 43. Kg3 Ke5 44. Nb5 a6 45. Nc7 Bc4 46. g5 Bb5 47. Na8
Kf5 48. Kh4 Ke4 49. Nb6 Kd3 50. c4 Kc2 51. cxb5 axb5 52. b4 axb3 53. Nd5 b2 54.
Ne3+ Kb3 55. Nf1 Kc2 56. Ne3+ Kc1 0-1

[Event "European Rapid 2022"]
[Site "Katowice POL"]
[Date "2022.12.17"]
[Round "2.88"]
[White "Kjartansson, Gudmundur"]
[Black "Vidruska, Renate"]
[Result "1-0"]
[WhiteTitle "GM"]
[BlackTitle "WFM"]
[WhiteElo "2453"]
[BlackElo "1991"]
[WhiteFideId "2301318"]
[BlackFideId "11601841"]
[EventDate "2022.12.17"]

1. d4 Nf6 2. c4 e6 3. Nf3 b6 4. g3 Bb7 5. Bg2 Be7 6. O-O O-O 7. Re1 d6 8. Nc3 c5
9. d5 exd5 10. Nh4 Qd7 11. cxd5 b5 12. e4 b4 13. Nb1 Re8 14. Nf5 Bf8 15. Bh3 Qb5
16. Nd2 c4 17. Bf1 Qd7 18. Bxc4 Nxd5 19. Bxd5 Bxd5 20. Nxg7 Bxg7 21. exd5 Na6
22. Ne4 Nc5 23. Nxc5 Rxe1+ 24. Qxe1 dxc5 25. a3 Qxd5 26. axb4 cxb4 27. Qxb4 Qd1+
28. Kg2 Qd5+ 29. f3 Re8 30. Ra5 Re2+ 31. Kh3 Qe6+ 32. Qg4 Qxg4+ 33. fxg4 Rc2 34.
Bf4 Bxb2 35. Ra2 f6 36. Be3 Re2 37. Bd4 Rxh2+ 38. Kxh2 Bxd4 39. Rd2 Bb6 40. Rd7
Bc5 41. Rc7 Bb6 42. Rb7 Bc5 43. Kg2 a5 44. Kf3 Bd6 45. Ra7 Bb4 46. Ke4 Be1 47.
Kf4 Bc3 48. Kf5 Kh8 49. Ke6 Kg8 50. Rc7 Bd4 51. Rc4 Be5 52. g5 1-0

[Event "European Rapid 2022"]
[Site "Katowice POL"]
[Date "2022.12.17"]
[Round "2.89"]
[White "Czarnecka, Lidia"]
[Black "Charkhalashvili, Inga"]
[Result "1-0"]
[WhiteTitle "WCM"]
[BlackTitle "WGM"]
[WhiteElo "2018"]
[BlackElo "2273"]
[WhiteFideId "21807531"]
[BlackFideId "13601431"]
[EventDate "2022.12.17"]

1. e4 c6 2. d4 d5 3. Nc3 e6 4. exd5 exd5 5. Bd3 Bd6 6. h3 Ne7 7. Nf3 Nd7 8. O-O
O-O 9. Re1 Qc7 10. Bd2 Ng6 11. Bg5 h6 12. Bxg6 fxg6 13. Be7 Bxe7 14. Rxe7 Qd6
15. Qe2 Nf6 16. Qe5 Qxe5 17. Nxe5 Kh7 18. Re1 Rb8 19. g4 h5 20. f3 g5 21. Kg2
Ng8 22. Rc7 Be6 23. Na4 Rfc8 24. Rxc8 Bxc8 25. Nf7 Kg6 26. Nd6 Nf6 27. Re7 b6
28. Rxa7 Bd7 29. Ra6 c5 30. Rxb6 Rxb6 31. Nxb6 Bc6 32. Nf5 Kf7 33. dxc5 hxg4 34.
hxg4 Ng8 35. Nd4 Ne7 36. a4 1-0

[Event "European Rapid 2022"]
[Site "Katowice POL"]
[Date "2022.12.17"]
[Round "2.90"]
[White "Morgunov, Marc"]
[Black "Posluszny, Tomasz"]
[Result "1-0"]
[WhiteTitle "FM"]
[WhiteElo "2402"]
[BlackElo "1934"]
[WhiteFideId "1640305"]
[BlackFideId "1187724"]
[EventDate "2022.12.17"]

1. e4 e5 2. Nf3 Nc6 3. Bb5 a6 4. Ba4 Nf6 5. O-O Be7 6. Re1 b5 7. Bb3 O-O 8. a4
Bb7 9. d3 d5 10. exd5 Nxd5 11. Nxe5 Nxe5 12. Rxe5 Bf6 13. Re1 Qd6 14. Nd2 Qd7
15. Ne4 Be7 16. Bd2 c5 17. axb5 axb5 18. Rxa8 Rxa8 19. Qh5 Bf8 20. h3 Rc8 21. c3
c4 22. dxc4 bxc4 23. Bc2 f5 24. Ng5 Nf6 25. Qe2 Qd5 26. Qe6+ Qxe6 27. Nxe6 Ne4
28. Bf4 Be7 29. f3 Kf7 30. fxe4 Kxe6 31. exf5+ Kf7 32. Kh2 Bd5 33. Be4 Rc5 34.
g4 Rb5 35. Bxd5+ Rxd5 36. Re4 Rb5 37. Bc1 Rc5 38. Kg2 g6 39. fxg6+ hxg6 40. Kg3
g5 41. Kf3 Bf6 42. Ke2 Rc8 43. Kd1 Kg6 44. Kc2 Rc6 45. Be3 Bd8 46. Re5 Bf6 47.
Rc5 Re6 48. Kd2 Rb6 49. Kc2 Re6 50. Bd4 Be7 51. Rxc4 Re2+ 52. Kb3 Rh2 53. Rc6+
Kf7 54. Rh6 Bf8 55. Rf6+ Ke7 56. Rf3 1-0

[Event "European Rapid 2022"]
[Site "Katowice POL"]
[Date "2022.12.17"]
[Round "2.91"]
[White "Fishchuk, Vladyslav"]
[Black "Maltsevskaya, Aleksandra"]
[Result "0-1"]
[WhiteTitle "FM"]
[BlackTitle "IM"]
[WhiteElo "2194"]
[BlackElo "2400"]
[WhiteFideId "34122117"]
[BlackFideId "24174041"]
[EventDate "2022.12.17"]

1. e4 c5 2. Nf3 e6 3. c3 d5 4. e5 d4 5. g3 Nc6 6. Bg2 Nge7 7. d3 Ng6 8. Qe2 b6
9. O-O Bb7 10. h4 h5 11. Re1 Qd7 12. c4 O-O-O 13. Na3 Re8 14. Nc2 f6 15. exf6
gxf6 16. Bd2 Rg8 17. Rab1 e5 18. Qf1 Kb8 19. b4 Nxb4 20. Bxb4 cxb4 21. Nxb4 Bxb4
22. Rxb4 Nf4 23. Bh1 Qf5 24. Rb3 Nh3+ 25. Kh2 Nf4 26. c5 Ne6 27. cxb6 a5 28. Nd2
Bxh1 29. Kxh1 Nc5 30. Qg2 Nxb3 31. Nxb3 e4 32. Nxd4 Qd5 33. Nb3 Qxd3 34. Nxa5
Qc3 35. Rxe4 Qxa5 36. Rxe8+ Rxe8 37. Kh2 Qxb6 38. Qf3 Qd4 39. Qb3+ Kc8 40. Qc2+
Kd8 41. a4 Re1 42. Qf5 Ke7 43. Qh7+ Kd6 44. Qf5 Qe5 45. Qd3+ Qd5 46. Qa6+ Ke5
47. f4+ Ke4 48. Qxf6 Qd2+ 0-1

[Event "European Rapid 2022"]
[Site "Katowice POL"]
[Date "2022.12.17"]
[Round "2.92"]
[White "Petrovskyi, Vadym"]
[Black "Slabicki, Andrzej"]
[Result "1-0"]
[WhiteTitle "FM"]
[WhiteElo "2402"]
[BlackElo "1888"]
[WhiteFideId "14165210"]
[BlackFideId "1130714"]
[EventDate "2022.12.17"]

1. e4 e5 2. Nf3 Nc6 3. Bb5 Nd4 4. Nxd4 exd4 5. O-O a6 6. Bc4 Be7 7. Qf3 Nh6 8.
d3 Bg5 9. c3 Bxc1 10. Rxc1 Qg5 11. Re1 dxc3 12. Nxc3 c6 13. d4 O-O 14. h3 b5 15.
Bd3 d6 16. Ne2 Bd7 17. Ng3 c5 18. e5 cxd4 19. Qe4 g6 20. exd6 Rfe8 21. Qxd4
Rxe1+ 22. Rxe1 Qd2 23. Re7 Bf5 24. d7 1-0

[Event "European Rapid 2022"]
[Site "Katowice POL"]
[Date "2022.12.17"]
[Round "2.93"]
[White "Kazmierowski, Tymon"]
[Black "Zimina, Olga"]
[Result "1/2-1/2"]
[BlackTitle "IM"]
[WhiteElo "1900"]
[BlackElo "2295"]
[WhiteFideId "21863911"]
[BlackFideId "4132190"]
[EventDate "2022.12.17"]

1. d4 d5 2. c4 c6 3. cxd5 cxd5 4. Bf4 Nc6 5. e3 Nf6 6. Nc3 Bf5 7. Bd3 Bxd3 8.
Qxd3 e6 9. Nf3 Bd6 10. Bxd6 Qxd6 11. O-O O-O 12. Rac1 Rfc8 13. a3 Na5 14. Rc2
Nc4 15. Rfc1 h6 16. h3 Qd8 17. e4 dxe4 18. Nxe4 Nxe4 19. Qxe4 Nd6 20. Qe5 Rxc2
21. Rxc2 Qb6 22. d5 Re8 23. dxe6 Rxe6 24. Qd4 Qb3 25. Rc3 Qa2 26. Rd3 a6 27. Re3
Rxe3 28. fxe3 Qe6 29. Qe5 Nc4 30. Qb8+ Kh7 31. Qxb7 Qxe3+ 32. Kh2 Qf4+ 33. Kg1
Qc1+ 34. Kh2 Ne3 35. Qxf7 Qxb2 36. Ng5+ hxg5 37. Qh5+ Kg8 38. Qe8+ Kh7 1/2-1/2

[Event "European Rapid 2022"]
[Site "Katowice POL"]
[Date "2022.12.17"]
[Round "2.94"]
[White "Baum, Jonasz"]
[Black "Mihelic, Vesna"]
[Result "1-0"]
[WhiteTitle "IM"]
[BlackTitle "WCM"]
[WhiteElo "2420"]
[BlackElo "2040"]
[WhiteFideId "1195360"]
[BlackFideId "14625520"]
[EventDate "2022.12.17"]

1. d4 d5 2. c4 e6 3. Nf3 Nf6 4. g3 dxc4 5. Bg2 Bb4+ 6. Nc3 O-O 7. O-O c5 8. dxc5
Bxc5 9. Qa4 Nbd7 10. Qxc4 a6 11. Qh4 Be7 12. Qd4 Qb6 13. Qxb6 Nxb6 14. Rd1 Nbd5
15. Nxd5 exd5 16. Nd4 Be6 17. Be3 Rac8 18. Rd3 Nd7 19. Rad1 Bf6 20. b3 Ne5 21.
R3d2 Nc6 22. h4 h5 23. Nxc6 bxc6 24. Bc5 Rfe8 25. Bf3 Bg4 26. Bxg4 hxg4 27. e3
Be5 28. Rc2 f5 29. Rdc1 Re6 30. Kf1 Kf7 31. Bd4 Bb8 32. Rc5 f4 33. gxf4 Rh6 34.
Rxd5 Rxh4 35. Ke2 Rh2 36. Rd7+ Kf8 37. Rxg7 c5 38. Rxg4 Bd6 39. Rg5 Be7 40. Bxc5
Rxc5 41. Rcxc5 Bxc5 42. Rxc5 1-0

[Event "European Rapid 2022"]
[Site "Katowice POL"]
[Date "2022.12.17"]
[Round "2.95"]
[White "Pacl, Vaclav"]
[Black "Seemann, Jakub"]
[Result "0-1"]
[WhiteTitle "FM"]
[BlackTitle "FM"]
[WhiteElo "2015"]
[BlackElo "2365"]
[WhiteFideId "302031"]
[BlackFideId "21874697"]
[EventDate "2022.12.17"]

1. d4 Nf6 2. Nf3 g6 3. Nc3 d5 4. Bf4 Bg7 5. e3 O-O 6. Be2 c5 7. Ne5 Nc6 8. Nxc6
bxc6 9. Qd2 cxd4 10. exd4 Bf5 11. f3 Nd7 12. h4 e5 13. dxe5 Nxe5 14. h5 Nc4 15.
Bxc4 dxc4 16. O-O-O Qb6 17. g4 Rab8 18. b3 Qa5 19. Kb2 Rbd8 20. Qe1 Rxd1 0-1